| 000 | 00725cam a2200217 a 4500 | ||
|---|---|---|---|
| 001 | 000003116 | ||
| 005 | 20200929150332.0 | ||
| 008 | 890127s1988 sp b 001 0 spa | ||
| 020 | _a8485563867 | ||
| 040 |
_aDO-SdBNP _bspa _cBNPHU |
||
| 082 |
_a860.4 _bC789m |
||
| 100 | 1 |
_aCorbatta, Jorgelina. _99803 |
|
| 245 | 1 | 0 |
_aMito personal y mitos colectivos en las novelas de Manuel Puig / _cJorgelina Corbatta. |
| 260 |
_aMadrid : _bOrígenes, _c1988. |
||
| 300 |
_a137 p. ; _c21 cm. |
||
| 440 | 0 |
_aTratados de Crítica Literaria _99804 |
|
| 600 | 1 | 4 |
_aPUIG. MANUEL _xCRÍTICA E INTERPRETACIÓN _99805 |
| 650 | 4 |
_aMito en la literatura _99806 |
|
| 650 | 4 |
_aPsicología en literatura _99807 |
|
| 910 | _aCatalogación por copia / LC | ||
| 999 |
_c2947 _d2947 |
||